000 04538 a2200301 4500
003 OSt
005 20180116192333.0
008 120209t xxu||||| |||| 00| 0 eng d
010 _a 2002512417
020 _a0470846984
035 _a(OCoLC)ocm49834003
040 _c0
082 0 4 _a725.8
100 1 _aStürzebecher, Peter.
245 1 0 _aArchitecture for sport :
_bnew concepts and international projects for sport and leisure /
_cPeter Stürzebecher, Sigrid Ulrich ; with a preface by Frei Otto.
260 _aChichester, West Sussex, England :
_bWiley-Academy,
_c2002.
300 _a280 p. :
_bill. (some col.) ;
_c30 cm.
500 _aIncludes index
505 _aOtto. SPECIALIST CONTRIBUTIONS. Architecture for Sport: New Ways of Integration - Economy and Modern Living (Peter Stürzebacher, Sigrid Ulrich, Hamburg/Berlin/Vatilieu (Grenoble). Mad and Made for Sports: Sport in Everyday Life (Thomas Beyer, Hamburg). Sport Worlds: Work and Sport - Insider Opinions from Nike, Reebok, Adidas (Benjamin Hossbach, Berlin). Glass Exteriors: Transparent Facings and Constructions (Heinz W. Krewinkel, Böblingen). Aerodynamic Expanses: Architecture Without Perspectives or Angles (Niccolò) Baldassini, Florence/Paris. PROJECTS. 25 International Projects (Peter Stürzebecher, Sigrid Ulrich). International Athletic Centre: Sydney, 2000 - (Philip Cox, Richardson, Taylor, Peddle, Thorp). Retractable Roof over the Centre at Rothenbaum in Hamburg (Werner Sobek). Stade Charléty in Paris (Henri and Bruno Gaudin). Stade de la Licorne in Amiens (Philippe Chaix and Jean-Paul Morel). Stade de Gerland in Lyons (Tony Garnier/Albert Constantin). San Nicola Sports Stadium in Bari (Renzo Piano Building Workshop). Rankhof Football Stadium in Basle (Michael Alder). Sepang International Circuit in Sepang (Hermann Tilke, Peter Wahl, Ulrich Merres). Sports Hall in Losone (Livio Vacchini). Buchholz Sports Hall in Uster (Stefan Camenzind and Michael Gräfensteiner). A Hall for Sport and Culture in Meiningen (Peter Kulka). Horst-Korber Sports Centre in Berlin (Langhof-Hänni-Meerstein). Sports Hall in the Sixth Form College in Berlin (Léon Wohlhage Wernik Architekten). Sports Facilities in a School for the Physically Disabled in Ingolstadt (Vogel and Brunninger). National Training Centre for Rhythmic Gymnastics in Alicante (Enric Miralles). 'Dojo régional' Judo Hall in Brétigny-sur-Orge near Paris (Patrick Berger). Sports Hall and Playing Field in the Candie-Saint-Bernard Block of Flats in Paris (Massimiliano Fuksas). Gymnase du Lycée Gustave Eiffel in Talange (Alain Pélissier). Baseball Hall: O-Shaped Dome in Odate (Toyo Ito). Columbia Swimming Pool in Berlin (Peter Stürzebecher). San Fernando de Henares Swimming Centre in Madrid (Luis Moreno Mansilla and Emilio Tunón. Swimming Pool in a Shopping Centre in Toyko (Tadao Ando). Adventure Pool in a Hotel in Oulu (Paavo Karjaleinen and Arktes Oy). River and Rowing Museum in Henley-on Thames (David Chipperfield). Netherlands Sports Museum in Lelystad (Victor Mani). SPECIALIST CONTRIBUTIONS. Subterranean Movements: In Earth Architecture (Martin Wimmer, Berlin). Body and Rock: A Thermal Spring of Natural Stone in the Swiss Village of Vals (Peter Zumthor). Art Room - Sports Room: Work in Progress by Tedashi Kawamata and Bathing Resort in Zug by Alfred Krähenbühl (Peter Stürzebecher). Architecture Room - Sports Room: Bath House for Saint Nazaire by Sven Liebrecht (Peter Stürzebecher). Asphalt Sport: A Private Appearance in the Urban Space (Peter Stürzebecher, Sigrid). La Ville comme Stade: Paris, Press Report (Stéphane Courarie-Delage, Paris). A Magical Place Called 'Stadium' (Ulrich Pramann, Wörthsee (Münich). APPENDIX. Catalogue of Projects. Short Biographies. Architects and Structural Designers and Engineers. Index of Photographers for the Specialist Contributions. Index of Projects.
650 0 _aSports facilities.
650 0 _aPublic architecture.
700 1 _aUlrich, Sigrid,
_d1954-
856 4 2 _3Contributor biographical information
_uhttp://www.loc.gov/catdir/bios/wiley044/2002512417.html
856 4 2 _3Publisher description
_uhttp://www.loc.gov/catdir/description/wiley037/2002512417.html
856 4 2 _3Table of contents
_uhttp://www.loc.gov/catdir/toc/wiley031/2002512417.html
942 _aSADA
_cBK
_k725.8 STU 2002
_2ddc
999 _c352393
_d352393